Airlines That Serve Whitehorse (YXY) - Statistics

General Stats
  • This quiz has been taken 13 times
  • The average score is 4 of 6
Answer Stats
Country Answer % Correct
Canada Air Canada
100%
Canada Westjet
100%
Canada Air North
73%
Germany Condor
73%
Canada Air Canada Express
18%
USA Alaska Seaplanes
9%
No matching quizzes found
Score Distribution
Percent of People with Each Score
Percentile by Number Answered
Your Score History
You have not taken this quiz